[Event "2022-2023 SCC U2200 Week 3 CA-N vs WA"]
[Site "Chess.com"]
[Date "2022.11.15"]
[Round "3.1"]
[White "Taghizadeh (CA-N), Rayan"]
[Black "Shubin (WA), Daniel"]
[Result "0-1"]
[WhiteElo "2400"]
[BlackElo "2196"]
[Annotator "Ralph Dubisch"]
[PlyCount "96"]
[EventDate "2022.11.15"]
[EventType "team-match"]
[EventRounds "4"]
[TimeControl "900+2"]

{[%evp 0,96,24,25,23,-45,-29,-43,-48,-60,-67,-67,-67,-67,-37,-68,-62,-56,-65,
-67,-61,-112,-84,-67,-3,8,-9,-37,-43,-46,53,-330,-309,-300,-285,-297,-297,-297,
-181,-177,439,553,530,534,607,-261,-269,-247,-271,-258,-156,-298,-296,-369,
-373,-395,-400,-437,-448,-448,-446,-451,-473,-474,-464,-480,-480,-841,-841,
-848,-852,-848,-498,-518,-511,-522,-524,-606,-621,-623,-641,-635,-662,-662,
-599,-664,-668,-783,-798,-818,-823,-817,-823,-823,-635,-651,-664,-643,-675]
It's important to remember, when playing through this see-saw battle, that it
is rapid chess. There is simply no time to work out definitive tactics when
faced with such dizzying complexity.} 1. e4 e6 2. Qf3 $6 {Isn't there some
opening rule against this sort of thing?} d5 3. d3 Nc6 4. c3 Nf6 5. Nd2 e5 $1
6. h3 Bc5 7. g4 $6 {White insists on being provocative, but falls behind in
development.} dxe4 ({Perhaps it is even better to continue to develop and only
exchange in the center when forced:} 7... Be6 8. g5 $5 (8. Ne2 {looks a bit
like the game, but with more central tension.}) 8... dxe4 9. dxe4 (9. Nxe4 $6
Nxe4 10. dxe4 (10. Qxe4 $4 Bd5 $19) 10... Qe7 $17 {Development and structure.})
9... Nd7 $17 {.}) 8. Nxe4 Nxe4 9. dxe4 Be6 10. Ne2 Qd6 (10... Qd7 11. Bg5 (11.
Bg2 O-O-O 12. O-O Qd3 $17) (11. Ng3 Nb4 $1 {is practically winning.}) 11... f6
12. Rd1 Qf7 13. Be3 Bxe3 14. Qxe3 Bxa2 $17) 11. Ng3 g6 $6 ({The threat of Nf5
doesn't feel like enough to justify weakening the kingside dark squares. Black
has a noticeable edge in development and pawn structure, and anytime a knight
does choose to drop into f5, ...g6 will come sooner or later to give it a
nudge.} 11... O-O-O $5 12. Be2 (12. Bg5 $2 f6 13. Be3 Nb4 $1 14. Qe2 Bc4 $19) (
12. Nf5 Qf8 (12... Bxf5 13. Qxf5+ Kb8 14. Be2 Ne7 $15) 13. Bb5 h5 14. Bxc6 hxg4
15. Bxb7+ Kxb7 16. hxg4 Rxh1+ 17. Qxh1 g6 18. Ne3 Qd6 $17) 12... a5 13. Be3 (
13. Nf5 Qf8) 13... Bxe3 14. Qxe3 Kb8 15. Rd1 Qe7 16. Nf5 Qf8 17. Rxd8+ Nxd8 {
and White's minor initiative peters out, leaving ...g6 and ...Bxa2 on the
possibilities list.}) (11... Nb4 $5 12. Bb5+ c6 13. cxb4 Bxb4+ 14. Kf1 cxb5 {
probably favors Black, but not by as much as in the last note, with the black
queen on d7 preventing the Bb5+ defense.}) 12. Bg5 f6 $1 {A clever idea, only
necessary due to the weakening caused by ...g6, though.} 13. Bxf6 $6 ({White
should grab the tempo:} 13. Rd1 Qe7 $13 {.}) 13... O-O 14. g5 Nb4 $6 (14...
Rad8 15. Be2 Qd2+ 16. Kf1 Be7 $15) 15. Be2 $4 (15. Qe2 {is forced. Then} Rad8
16. Rh2 (16. Rd1 Qxd1+ 17. Qxd1 Rxd1+ 18. Kxd1 Bxf2 19. cxb4 Bxg3 $13) (16.
Bxd8 $2 Bxf2+ 17. Qxf2 Rxf2 18. Kxf2 Qd2+ 19. Ne2 Nc2 20. Rc1 Qe3+ 21. Kg2
Qxe4+ 22. Kh2 Ne3 {and despite a numeric superiority, White is helpless to
save the exposed king and hanging pieces.} 23. Ng3 Qh4 $1 {, for example.})
16... Bxa2 $5 (16... Nd3+ 17. Qxd3 Qxd3 18. Bxd3 Rxd3 19. Bxe5 {and White may
be hanging together.}) 17. Bxd8 Bb3 $1 18. Rd1 (18. Bf6 Rxf6 $1 (18... Nc2+ 19.
Qxc2 Bxc2 20. Bc4+ Rf7 21. b4 Bb6 $13) 19. Rc1 {with considerable
complications.} Rf8 20. Qd2 Qxd2+ 21. Kxd2 Bxf2 22. Nh1 Rd8+ 23. Ke2 Bg1 24.
Rg2 Nd3 25. Rxg1 Nxc1+ 26. Ke3 $13 {for example, is computer-directed mayhem.})
) 15... Nc2+ 16. Kf1 Nxa1 17. h4 Rxf6 18. gxf6 h5 $4 ({Stockfish shows the
cold-blooded} 18... Rf8 $1 19. Nf5 (19. h5 Rxf6) 19... Bxf5 20. exf5 Kh8 21. b4
Bb6 {, and the computer has no worries on defense.}) (18... Qd2 {in order to
meet} 19. h5 {with} g5 {also leaves White with no real compensation.}) 19. Nxh5
$1 gxh5 $4 (19... Nc2 $13) 20. Qxh5 Kf8 21. Qh8+ Bg8 22. Bh5 $4 ({The win is
fairly straightforward with} 22. Qg7+ Ke8 23. Qxg8+ Qf8 (23... Kd7 24. Qxa8
Qxf6 25. Rh2) 24. Qe6+ Kd8 25. Rg1 $18 {.}) 22... Qd3+ {The tide turns yet
again, but this is the final time.} 23. Kg2 ({Possibly what White missed was} 
23. Kg1 Qg3+ 24. Kf1 Qxf2#) 23... Qxe4+ 24. f3 Qc2+ 25. Kg3 Bf2+ 26. Kg2 (26.
Kh3 Qh7) 26... Be3+ 27. Kg3 Bf4+ 28. Kh3 Qh7 29. Qxh7 Bxh7 30. Rxa1 Rd8 31. Rg1
Rd2 32. Kg4 Rxb2 33. Rd1 (33. a4 Rb6) 33... Rg2+ 34. Kh3 Rg3+ 35. Kh2 Rxf3+ (
35... Rg5+) 36. Kg2 Rg3+ 37. Kf2 Rd3 38. Rf1 Rxc3 39. Kg2 Rg3+ 40. Kf2 Rh3 41.
Rd1 Rd3 42. Rf1 Be4 43. Ke2 Rd2+ 44. Ke1 Rxa2 45. Rg1 Ra1+ 46. Kf2 Be3+ 47.
Kxe3 Rxg1 48. Kxe4 Rh1 {0-} 0-1

[Event "2022-2023 SCC U1800 Week 3 OR vs WA"]
[Site "Chess.com"]
[Date "2022.11.16"]
[Round "1.1"]
[White "Suess (WA), Wade"]
[Black "Tang (OR), Zoey"]
[Result "1-0"]
[WhiteElo "1527"]
[BlackElo "2233"]
[Annotator "Ralph Dubisch"]
[PlyCount "105"]
[EventDate "2022.11.16"]
[EventType "team-match"]
[EventRounds "4"]
[TimeControl "900+2"]

{A see-saw battle, and a major upset.} 1. e4 c5 2. Nf3 d6 3. d4 cxd4 4. Nxd4
Nf6 5. Nc3 Nc6 6. Be3 Ng4 7. Bg5 h6 8. Bh4 g5 9. Bg3 Bg7 10. Bb5 (10. Nb3 {
is still known territory.}) 10... Bd7 (10... Qb6 $5) 11. Nf5 Bxf5 (11... Bxc3+
12. bxc3 Qa5 13. O-O (13. Qxg4 $2 Qxc3+ 14. Ke2 Qxc2+ 15. Kf1 Qb2 {forking a1
and b5.}) 13... Qxb5 14. Qxg4 Qc4 $15) 12. exf5 Nf6 13. O-O O-O 14. Re1 a6 15.
Bd3 b5 $6 (15... Nb4) (15... Rc8) 16. Ne4 (16. h4 $14) 16... Qd7 17. c3 Rfe8
18. Qf3 Rac8 19. Rad1 Qa7 $6 (19... d5 20. Nxf6+ exf6 (20... Bxf6 21. h4 $16)
21. Rxe8+ Rxe8 22. Bc2 $14) 20. Bb1 (20. h4 $16) 20... b4 21. h3 (21. h4) 21...
bxc3 22. Nxc3 Qc5 23. Rc1 (23. Rd2) 23... Nd4 24. Qd3 Qa7 $2 (24... Qb4 $13)
25. Qe3 (25. Rcd1 Nc6 26. h4 $5 $14) (25. h4 $5) 25... e5 (25... Nb5 26. Qxa7
Nxa7 27. Bd3 $14) 26. Ne4 $6 (26. fxe6 $1 Rxe6 (26... fxe6 $2 27. Bxd6 $18) 27.
Qd2 $14) 26... Nxe4 27. Qxe4 $6 (27. Bxe4 $15) 27... Qa8 $2 (27... Rxc1 28.
Rxc1 d5 $1 $17) 28. Qd3 $2 (28. Qxa8 Rxa8 29. f3 {, and White will be doing
fine if the bishops can activate.}) 28... Bf6 $2 (28... Rxc1 29. Rxc1 e4 $1 $17
{and ...Nxf5.}) 29. Kh1 $2 ({Better} 29. Rxc8 Rxc8 30. Qa3 Qc6 31. Qa5 Bd8 $15
{, but Black has active well-coordinated pieces.}) 29... Rxc1 30. Rxc1 e4 31.
Qa3 Nxf5 $2 (31... d5 $1 $17 {and Black can pick off the f5-pawn for nothing.})
32. Bxd6 Qd5 33. Qc5 $6 Qxc5 $6 (33... Qd2 $1 $17 {threatens ...Bd4 while
hitting the bishop on d6.}) 34. Bxc5 Bxb2 35. Re1 Rc8 36. Bb4 Nd4 37. Bxe4 Rb8
38. Bc5 Rc8 39. Bb6 Nb5 40. Bd3 Bc3 41. Rc1 Rb8 42. Be3 Bf6 43. Rb1 $6 (43. a4)
({or} 43. Rc6 $14 {.}) 43... Rd8 44. Bxb5 axb5 45. Rxb5 Rd1+ $2 (45... Ra8 {
simply regains the pawn with complete equality.}) 46. Kh2 Ra1 47. Ra5 Bc3 48.
Ra6 Kg7 49. g3 f5 $6 (49... f6 {supports g5 and maintains better king cover.})
50. Ra3 (50. h4 Re1 (50... f4 51. gxf4 gxh4 52. f5 h5 53. Bg5 $16) 51. a4 gxh4
52. Bxh6+ Kh7 53. gxh4 {should be a technical win.}) 50... Bf6 (50... Be5) 51.
Ra5 Kg6 52. Ra6 Re1 $2 ({Losing immediately.} 52... Rd1 {offers slightly
better chances for survival on the board, if not on the clock.} 53. a4 Kf7 54.
Kg2 Rd3 55. a5 Be5 {, with the hope of reducing the pawn count after} 56. Rxh6
f4 57. Bb6 fxg3 {, but} 58. a6 gxf2 59. a7 Ra3 60. Rc6 {planning Rc8 and a8=Q
should win.}) (52... Kf7 $2 53. Rxf6+ Kxf6 54. Bd4+) 53. Bd4 {Time forfeit,
though now Black is quite lost in any case.} 1-0

[Event "2022-2023 SCC U1800 Week 3 OR vs WA"]
[Site "Chess.com"]
[Date "2022.11.16"]
[Round "1.3"]
[White "Disenhof (OR), Jonathan"]
[Black "Lazarte (WA), Paul"]
[Result "1-0"]
[WhiteElo "1514"]
[BlackElo "1873"]
[Annotator "Ralph Dubisch"]
[PlyCount "95"]
[EventDate "2022.11.16"]
[EventType "team-match"]
[EventRounds "4"]
[TimeControl "900+2"]

1. d4 d5 2. c4 e6 3. Nf3 Nf6 4. g3 h6 $6 ({Black needs to challenge the
Catalan where it lives. Ignore the fianchetto development at your peril.} 4...
dxc4 5. Bg2 a6 6. O-O Nc6 7. e3 Bd7 8. Qe2 b5 9. Rd1 Be7 $13) (4... Be7 5. Bg2
O-O 6. O-O dxc4 7. Qc2 a6 8. a4 Bd7 9. Qxc4 Bc6 {is still in book, with no
more than a slight edge for White.}) 5. Bg2 c6 6. O-O Nbd7 7. Qc2 Be7 8. Nbd2
O-O 9. e4 dxe4 10. Nxe4 Nxe4 11. Qxe4 Nf6 12. Qe2 Bb4 $6 ({The bishop moves
again to strike at nothing. Black should begin some kind of counterplay in the
center.} 12... c5 $14) 13. Rd1 Qe7 14. a3 Ba5 15. Bf4 Rd8 16. b4 Bc7 17. Bxc7
Qxc7 18. Rac1 b6 19. Ne5 Bb7 20. c5 ({An interesting positional idea, trying
to entombed the black bishop. Instead, White has good chances to pick up the
c-pawn with} 20. Qf3 $5 $16 Rac8 21. b5 {,}) ({or thematically open up central
lines and create a passed d-pawn:} 20. d5 c5 21. d6 $5 {, when} Rxd6 22. Rxd6
Bxg2 23. Rd2 Be4 24. Nd7 Qb7 25. Nxf6+ gxf6 26. Qg4+ $16 Kh7 $4 (26... Bg6 $16)
(26... Kf8 $2 27. Rcd1 Bh1 $6 28. f3 $1 Bxf3 29. Rd8+ Rxd8 30. Rxd8+ Ke7 31.
Qg8 f5 32. Qe8+ Kf6 33. Rd7 $18) 27. Rd7 $1 $18) 20... b5 21. Rd3 Re8 (21... a5
$14) 22. h4 Re7 23. Re1 Rae8 24. Qd2 Nd5 25. Bh3 a5 26. g4 axb4 27. axb4 f6 28.
Ng6 Bc8 (28... Rf7 29. g5 Bc8 30. gxh6 gxh6 31. Rg3 $16) 29. Nxe7+ Rxe7 30. Rf3
e5 31. g5 $2 (31. dxe5 fxe5 (31... Rxe5 32. Ra3 $16) 32. Ra3 $16) 31... Bxh3 (
31... e4 $5 $14 32. gxf6 (32. Rg3 Bxh3 33. gxf6 Nxf6 34. Rxh3 $13) 32... Nxf6
33. Rxf6 gxf6 34. Bg2 $14) 32. Rxh3 Nf4 (32... e4 33. gxh6 g6 34. Rg3 Kh7 (
34... e3 $2 35. Rxg6+ Kh7 36. Qd3 $18) 35. h5 $14) 33. Rg3 Nh5 $2 (33... fxg5
34. hxg5 hxg5 35. Qe3 $16) 34. gxf6 (34. Qa2+ $1 Kf8 (34... Rf7 35. g6 $18) 35.
gxh6 Nxg3 36. h7 $18) 34... Nxf6 35. Qxh6 exd4 36. Qxf6 $4 ({White's most
serious error in the game, and it goes unpunished.} 36. Rxe7 Qxe7 37. Qg6 $18)
36... Qxg3+ $4 ({Black's only opportunity to turn the tables. Move order
matters:} 36... Rxe1+ $1 37. Kg2 Qxg3+ 38. fxg3 gxf6 $19) 37. fxg3 Rxe1+ 38.
Kf2 gxf6 39. Kxe1 $18 {The rest goes smoothly.} Kf7 40. Kd2 Kg6 41. g4 f5 42.
gxf5+ Kxf5 43. Kd3 Kg4 44. Kxd4 Kxh4 45. Ke5 Kg5 46. Kd6 Kf5 47. Kxc6 Ke6 48.
Kb7 1-0

[Event "2022 Turkey Shoot"]
[Site "Coeur d'Alene, ID"]
[Date "2022.11.20"]
[Round "1"]
[White "Wannamaker, Linus"]
[Black "Pimentel, Emmy"]
[Result "1-0"]
[WhiteElo "1466"]
[BlackElo "498"]
[Annotator "Ralph Dubisch"]
[PlyCount "78"]
[EventDate "2022.11.20"]
[EventType "swiss (rapid)"]
[EventRounds "4"]
[EventCountry "USA"]

1. e4 e5 2. Nf3 Nc6 3. Bc4 {The Italian Game.} Nf6 4. d3 ({This quiet way to
handle the Two Knights Defense is now by far the most popular method in
Grandmaster play. Long ago} 4. Ng5 {was standard, but it is now recognized as
time wasting, and Black is thought to get plenty of counterplay with} d5 (4...
Bc5 $5 {for the swashbucklers.}) 5. exd5 Na5 (5... Nxd5 $2 {leads to the
infamous Fried Liver attack. White can choose the immediate sacrifice on f7
followed by Qf3, or open the center with 6.d4.}) ({Other moves have also been
played and analyzed, mostly before there was computer assistance in the
process.} 5... Nd4 6. c3 b5 7. Bf1 Nxd5) (5... b5 6. Bf1 h6 7. Nxf7 Kxf7 8.
dxc6) 6. Bb5+ c6 7. dxc6 bxc6 8. Be2 h6 9. Nf3 e4 $13 {.}) (4. d4 {can lead to
the Max Lange Attack.} exd4 5. e5 (5. O-O Nxe4 (5... Bc5 6. e5 d5 7. exf6 dxc4)
6. Re1 d5 7. Bxd5 (7. Nc3 $5) 7... Qxd5 8. Nc3 $13)) 4... Be7 (4... Bc5 5. c3
a6 6. Bb3 Ba7 7. O-O d6 8. Nbd2 O-O 9. h3 {Many of the subtleties of this
opening now depend on whether one side or the other advances their a-pawn one
or two spaces, starts maneuvering the knight from the queenside to the
kingside, breaks in the center, pins on g4/g5... Even the top GMs are capable
of messing this up on a regular basis.}) 5. O-O O-O 6. c3 (6. Re1 d6 7. a4 (7.
c3 Na5 8. Bb5 a6 9. Ba4 b5 10. Bc2 c5 {and we seem to have reached a position
from the Spanish Game (Ruy Lopez). The modern way of playing the Italian lends
itself to these transpositions.}) 7... Na5 8. Ba2 c5 9. c3 Nc6 10. Nbd2 Be6 11.
Nc4) 6... d5 (6... d6 7. Bb3 Na5 8. Bc2 c5 9. Nbd2 Nc6 10. Re1) 7. exd5 Nxd5 8.
Re1 (8. h3) 8... Bf6 (8... Bg4 9. h3 Bh5 10. Nbd2 Nb6 11. Bb5 {is roughly
equal.}) 9. Nbd2 Be6 (9... Nb6) 10. Ne4 $14 Re8 11. Nfg5 Qe7 $6 (11... Bxg5 12.
Nxg5 h6 13. Nxe6 Rxe6 $14 {White has the bishop pair, but Black has no serious
weaknesses.}) 12. Nxe6 fxe6 ({Forced.} 12... Qxe6 $2 13. Nc5 Qd6 (13... Qe7 14.
Nxb7 Nb6 15. Bb5 {has similar issues.}) 14. Nxb7 {loses a black pawn and
doesn't solve the problem of the loose knights.}) 13. Qf3 Rad8 14. b4 b5 ({
Black has something of a bad bishop and those weak e-pawns to defend in the
long term, so looks for short-term tactics to provide compensation.} 14... Nxc3
{at first looks interesting:} 15. Nxc3 e4 {, but} 16. Nxe4 $3 ({The idea was} 
16. dxe4 Qxb4 $1 {regaining the piece with interest.}) 16... Bxa1 17. Bg5 Bf6 (
17... Qxb4 18. Rxa1 {and White has both material and activity.}) 18. Nxf6+ gxf6
19. Bxf6 $18) 15. Bb3 (15. Bxb5 {seems quite possible. The only risk lies in
complex tactics such as} Nd4 16. cxd4 Qxb4 {, but something like} 17. Bg5 Qxb5
18. Bxf6 Nxf6 19. Nxf6+ gxf6 20. Qxf6 {leaves White with a strong initiative:}
exd4 (20... Rxd4 21. Rxe5 Rd5 22. Re4 Rg5 23. Rae1) (20... Qxd3 21. Re3) 21.
Re5 (21. Rxe6 $6 Rf8 22. Qh4 Qxd3 {is not as clear for White.}) 21... Rd5 22.
Re4 Rg5 23. Qxd4 {, when White has excellent winning chances.}) 15... Qf7 16.
Bd2 Nce7 17. a4 a6 18. g3 Nf5 19. axb5 axb5 20. Ra6 Ra8 $4 ({I like how White
has opened and started operations on the a-file, and here Black cracks
tactically.} 20... Be7 {maintains the original disadvantage.}) 21. Rea1 ({
Very good and quite thematic, but White can win more quickly with tactical
motifs involving the loose rook on a8, overloaded pawn e6, loose knights, and
a fork on d5:} 21. Rxa8 Rxa8 22. Nxf6+ Qxf6 (22... gxf6 23. Bxd5 exd5 24. Qxf5)
23. Bxd5 {, when a recapture loses the rook to a fork,} exd5 24. Qxd5+ {.})
21... Rxa6 22. Rxa6 h6 23. Nxf6+ ({Or} 23. Bxd5 exd5 24. Nxf6+ {scoring the
f5-knight.}) 23... Nxf6 24. Rxe6 $1 Rxe6 25. Qxf5 Nd5 26. Qxf7+ Kxf7 27. Bxd5
Kf6 28. Bxe6 Kxe6 29. Kg2 g5 30. Kf3 Kf5 31. g4+ Kf6 32. Ke4 Ke6 33. f3 c6 34.
h3 Kf6 35. f4 (35. c4 Ke6 36. Bc3) 35... exf4 36. Bxf4 gxf4 37. Kxf4 Ke6 38. c4
Kf6 (38... c5 39. bxc5 b4 40. Ke3 {catches the pawn.}) 39. h4 Kg6 1-0

[Event "SPFNO K-12 Girls"]
[Site "?"]
[Date "2022.10.22"]
[Round "3"]
[White "Zhang, Iris"]
[Black "Jammalamadaka, Varnika"]
[Result "1-0"]
[WhiteElo "1593"]
[BlackElo "1726"]
[Annotator "Iris Zhang"]
[PlyCount "95"]
[EventDate "2022.??.??"]

1. e4 c5 2. Nf3 Nc6 3. d4 cxd4 4. Nxd4 g6 5. c4 Nf6 {Accelerated Dragon,
Varnika's favorite weapon as black.} 6. Nc3 Nxd4 7. Qxd4 d6 {At this point in
the game, I was out of book.} 8. f3 Bg7 {I decided to prepare a kingside
attack with Be3 and then Qd2.} 9. Be3 O-O 10. Qd2 Be6 11. Nd5 Nxd5 12. exd5 Bf5
13. g4 Bd7 14. O-O-O Qc7 {Though my c line was still exposed, I decided to
continue my kingside attack with pawn pushes} 15. Bh6 Qc5 16. h4 {Better was
Bxg7} f5 {Without f5, after h5 push it would've been deadly for black} 17. h5
Rf7 18. hxg6 hxg6 19. Qg5 Qb4 20. Rd2 Bxb2+ {This move caught me by surprise,
and from here on it became a very close game} 21. Rxb2 Qe1+ 22. Kc2 Ba4+ {
My opponent was under time pressure but played well.} 23. Kd3 Qd1+ {I
considered 24. Rd2 but 24... Qxf3} 24. Ke3 f4+ 25. Ke4 {Though my kingside
attack was near successful, 25...Rf6 followed up by 26. Qh4 Qc1 would be
completely winning for Varnika.} Bc2+ 26. Rxc2 {Secured the win} Qxc2+ 27. Bd3
Qc3 28. Qxg6+ Rg7 29. Bxg7 Qxg7 30. Qxg7+ Kxg7 31. Kxf4 Rf8+ 32. Kg3 Kf6 33. f4
e5 34. fxe5+ Kxe5 35. Rf1 Rg8 36. Rf4 a6 37. Re4+ Kf6 38. Re6+ Kf7 39. Rxd6 Ke7
40. Rb6 Rb8 41. d6+ Kd7 42. Bf5+ Kd8 43. g5 Ke8 44. d7+ Ke7 45. g6 a5 46. Rb2
a4 47. Re2+ Kf6 48. Re8 {Of the 6 games I played, this one was the most risky
one but also the funnest one.} 1-0

[Event "SPFNO K-12 Girls"]
[Site "Bellevue, WA"]
[Date "2022.10.23"]
[Round "6"]
[White "Khandelwal, Krisha"]
[Black "Szeto, Sophie"]
[Result "1-0"]
[WhiteElo "1100"]
[BlackElo "1725"]
[Annotator "Krisha Khandelwal"]
[PlyCount "45"]
[EventDate "2022.10.22"]
[EventType "swiss"]
[EventRounds "6"]
[EventCountry "USA"]

1. d4 d5 2. c4 e6 3. Nc3 c6 4. Nf3 Nf6 5. Bg5 Be7 {At this point, I was a bit
confused whether to go with the fianchetto setup with g3, Bg2 or just play e3.}
6. e3 Nbd7 7. cxd5 exd5 8. Bd3 b5 9. Rc1 Bb7 10. O-O O-O {I think I should
have played Ne2 here so that I can play Ng3 Nf5 later.} 11. Bb1 b4 12. Na4 Ne4
{I made a mistake on the next move. I should have just captured the black
bishop on e7 and then I would have won a pawn on e4 after Be4 de4 Nd2 and then
Qc2.} 13. Bf4 Rc8 14. Ne5 {Black should have taken on e5.} c5 15. Nxd7 Qxd7 {
I missed taking a free pawn out here; I should have captured on e4 and then
taken the pawn on c5.} 16. dxc5 Nxc5 17. Nxc5 Bxc5 18. Qd3 g6 $4 {18...g6 was
a blunder after which the position is lost for Black.} 19. Bh6 Rfe8 20. Rxc5
Ba6 21. Qxa6 Rxc5 22. Qf6 Qc7 23. Qg7# 1-0

[Event "SPFNO K-12 Open"]
[Site "Bellevue, WA"]
[Date "2022.10.23"]
[Round "6"]
[White "Liu, Austin"]
[Black "Shubin, Daniel"]
[Result "0-1"]
[WhiteElo "2078"]
[BlackElo "2245"]
[Annotator "Daniel Shubin"]
[PlyCount "80"]
[EventDate "2022.10.22"]
[EventType "swiss"]
[EventRounds "6"]
[EventCountry "USA"]

{[%evp 0,76,19,38,30,45,34,45,33,32,37,30,35,27,54,42,26,27,27,27,29,16,23,6,
48,46,29,7,10,-20,-19,-47,39,-32,-5,5,20,9,44,-51,-41,-66,-83,-60,-31,-31,-78,
-170,-15,-90,-18,-218,-231,-251,-248,-296,-308,-312,-275,-339,-305,-344,-350,
-366,-291,-502,-321,-372,-408,-378,-381,-567,-640,-581,-641,-682,-697,-1552,
-1360]} 1. e4 e6 2. d4 d5 {Going into the game, I was a half-point ahead of
the rest of the field and was planning to keep the game as simple as possible}
3. Nc3 Bb4 4. e5 c5 5. a3 Bxc3+ 6. bxc3 Qc7 7. Nf3 Ne7 8. a4 Bd7 {Better would
have been:} (8... h6 9. Bb5+ Bd7 10. Bd3 Nbc6 11. O-O Qa5 12. Bd2 c4 13. Be2
O-O-O) 9. Bd3 Bc6 (9... h6) 10. Ng5 {At this point, I realized I had misplayed
the opening and it was no longer easy... I would have to defend for a while} h6
11. Qh5 g6 (11... O-O $2 12. Nh7 Re8 13. Nf6+ gxf6 14. exf6) 12. Qh3 Nd7 {
Threatening Nxe5, but a simple 0-0 would avoid the threat and better prepare
the pawn advance} 13. f4 (13. Rb1 Nxe5 14. dxe5 Qxe5+ 15. Be3 hxg5) (13. O-O
Nb6 14. a5 Nc4 15. Re1) 13... Nb6 14. a5 Nc4 (14... Na4 $1) 15. g4 {Clearly I
had to 0-0-0 and connect the rooks... but for that I had to protect the f7
pawn... unfortunatley, I chose the wrong continuation and my opponent could
have punished me} (15. O-O Nf5 16. g4 O-O-O 17. gxf5 hxg5) 15... Ng8 $2 (15...
Bb5 $1 16. O-O Nc6) 16. Bxg6 $6 {Trying to force the issue when slow, steady
play would have sufficed} (16. O-O O-O-O 17. a6 cxd4 18. axb7+ Bxb7 19. cxd4
$18) 16... fxg6 17. Nxe6 Qe7 18. Nxc5 Nf6 19. Qd3 O-O-O 20. Qe2 Rde8 (20... Nd7
21. Nd3 Qh4+ 22. Kf1 h5) 21. O-O b6 {In the game I assumed that, despite
opening the a-file, the white rook alone would not be able to produce any
significant counterplay} 22. axb6 axb6 23. Nb3 Bd7 (23... Ne4 $1) 24. h3 (24.
Nd2 $5 {Nd2 with the idea that if knight takes, Qa6 with an attack... Austin
and I both missed this it seems...}) 24... h5 25. g5 (25. Nd2) 25... Ne4 26.
Rf3 Kb7 27. Nd2 Nexd2 28. Bxd2 Bf5 29. Be1 $19 {At this point, I was in full
control... The Bishop and Knight are overpowered, controlling the whole board,
and I was ahead on both clock and position...} Ra8 30. Rb1 Ra2 31. Rc1 Be4 32.
Rf1 Qe6 33. Kh2 Qf5 34. Rf2 Rha8 $22 {Zugzwang... despite having 4 pieces,
everything white does loses} 35. Qd1 Ne3 36. Qe2 Nxc2 37. Bd2 Na3 38. Qd1 Nc4 {
White Resigned as Black follows up with:} 39. Qe1 Nxd2 40. Rxd2 Qxf4+ 0-1